00375nam a22001337a 4500003000400000008004100004020001900045100008200064245002200146250001200168260002900180300001100209650002100220OSt201118b ||||| |||| 00| 0 eng d a 9788131704813 aMorrison, Robert Thornton and Bhattacharjee, Saibal Kanti and Neilson, Robert aOrganic Chemistry a7th Ed. aNew DelhibPearsonc2020 a1472p. aB.Sc Non Medical